Logo BPK

Biblioteka

Politechniki Koszalińskiej

Zadośćuczynienie za szkodę niemajątkową / (Rekord nr 34564)

Szczegóły MARC
000 -ETYKIETA REKORDU
podpole kontrolne o stałej długości 00711nam a2200229 i 4500
001 - NUMER KONTROLNY REKORDU
pole kontrolne bg
020 ## - MIĘDZYNARODOWY ZNORMALIZOWANY NUMER KSIĄŻKI - ISBN
ISBN 8386605472
040 ## - ŹRÓDŁO KATALOGOWANIA
Instytucja, która utworzyła rekord BPK
041 0# - KOD JĘZYKA
Kod języka tekstu pl
080 ## - UNIWERSALNA KLASYFIKACJA DZIESIĘTNA - UKD
UKD 342.72/.73:347.41/.43](438):340.5
920 ## - Międzynarodowy znormalizowany numer książki – ISBN
ISBN 83-86605-47-2
008 - POLE O STAŁEJ DŁUGOŚCI - DANE KONTROLNE
podpole kontrolne o stałej długości s pl f |000 0 pol
100 1# - NAZWA OSOBOWA
Nazwa osobowa SZPUNAR, Adam
245 10 - TYTUŁ/ODPOWIEDZIALNOŚĆ
Tytuł Zadośćuczynienie za szkodę niemajątkową /
Pozostałe elementy strefy tytułu i oznaczenia odpowiedzialności Adam Szpunar.
260 ## - STREFA ADRESU WYDAWNICZEGO
Miejsce wydania Bydgoszcz :
Nazwa wydawcy/dystrybutora "Branta",
Data publikacji, dystrybucji/powstania dokumentu cop. 1999.
300 ## - STREFA OPISU FIZYCZNEGO
Objętość 254, [1] s. ;
Rozmiary 21 cm.
504 ## - UWAGA DOTYCZĄCA BIBLIOGRAFII
Informacje o bibliografii Bibliogr. s. 249-[255].
650 #9 - HASŁO PRZEDMIOTOWE W FORMIE NAZWY OGÓLNEJ LUB JEDNOSTKOWEJ
Nazwa ogólna lub geograficzna Dobra osobiste
Określnik ogólny prawo
Określnik geograficzny Polska
Określnik chronologiczny stan na 1999 r.
650 #9 - HASŁO PRZEDMIOTOWE W FORMIE NAZWY OGÓLNEJ LUB JEDNOSTKOWEJ
Nazwa ogólna lub geograficzna Odszkodowanie
Określnik ogólny prawo
-- zagadnienia
Określnik geograficzny Polska
Określnik chronologiczny stan na 1999 r.
650 #9 - HASŁO PRZEDMIOTOWE W FORMIE NAZWY OGÓLNEJ LUB JEDNOSTKOWEJ
Nazwa ogólna lub geograficzna Prawo porównawcze
Określnik ogólny zagadnienia
856 ## - LOKALIZACJA I DOSTĘP DO ELEKTRONICZNYCH DOKUMENTÓW ZDALNYCH
Link (URL) http://koha.tu.koszalin.pl/cgi-bin/koha/opac-detail.pl?biblionumber=34564
Tekst linku Katalog online BPK
942 ## - DODATKOWE ELEMENTY (KOHA)
Typ dokumentu Książka
Egzemplarze
Wycofany Status egzemplarza Uszkodzony Dostępność Lokalizacja stała Lokalizacja bieżąca Miejsce przechowywania Sygnatura Kod kreskowy Ostatnio wypożyczono Typ dokumentu
      Dostępny Biblioteka Politechniki Koszalińskiej Biblioteka Politechniki Koszalińskiej Wypożyczalnia BG 47899 01403930 10.12.2016 Książka
© 2023 Biblioteka Politechniki Koszalińskiej :: KOHA